Statistics for August 6th: Birthdays

Click here to take the quiz!

General Stats

  • This quiz has been taken 4 times
  • The average score is 5 of 9

Answer Stats

YearClueAnswer% Correct
1881Invented penicillinAlexander Fleming
100%
1928Pop ArtistAndy Warhol
100%
1861US First LadyEdith Roosevelt
100%
1911Actress in I Love LucyLucille Ball
67%
1962Actress in Hidden DragonMichelle Yeoh
67%
1809British Poet LaureateAlfred Tennyson
33%
1965Won Olympic gold 1992David Robinson
0%
1972Part of Spice GirlsGeri Horner
0%
1886SuffragistInez Milholland
0%

Score Distribution

Percentile by Number Answered

Percent of People with Each Score

Your Score History

You have not taken this quiz